00352nam a2200133Ia 4500008004100000084001000041100002800051245003200079250002000111260003100131260000900162260001200171500003500183180424s9999 xx 000 0 und d aT8 G1 a"Shankaraiyer, Gomathi" 0aIsaitamil Ilakkanam Vilakam a\\198400TAMGPSX aMadurai Kamaraj University b1984 cMadurai aincludes index and biblioraphy